<?xml version="1.0" encoding="UTF-8"?>
<collection xmlns="http://www.loc.gov/MARC21/slim">
 <record>
  <leader>07102nam a2200373 a 4500</leader>
  <controlfield tag="001">kal1187</controlfield>
  <controlfield tag="003">Gr-AtHEAL</controlfield>
  <controlfield tag="005">20160425110417.0</controlfield>
  <controlfield tag="006">m        d        </controlfield>
  <controlfield tag="008">160413s2015    gr      s           gre|c</controlfield>
  <datafield tag="020" ind1=" " ind2=" ">
   <subfield code="a">9789606030192</subfield>
  </datafield>
  <datafield tag="040" ind1=" " ind2=" ">
   <subfield code="a">GR-AtHEAL</subfield>
   <subfield code="b">gre</subfield>
   <subfield code="c">GR-AtHEAL</subfield>
  </datafield>
  <datafield tag="082" ind1="0" ind2="4">
   <subfield code="a">330.94</subfield>
   <subfield code="2">23</subfield>
  </datafield>
  <datafield tag="100" ind1="1" ind2=" ">
   <subfield code="a">Πελαγίδης, Θεόδωρος Κ.</subfield>
   <subfield code="8">1291</subfield>
  </datafield>
  <datafield tag="245" ind1="1" ind2="0">
   <subfield code="a">Ανάλυση της ελληνικής οικονομίας</subfield>
   <subfield code="h">[Ηλεκτρονικός πόρος]</subfield>
   <subfield code="b">Δομή και πολιτικές</subfield>
   <subfield code="c">Πελαγίδης, Θεόδωρος ; Κριτικός αναγνώστης,Χιόνης, Διονύσιος ; Τεχνική επιμέλεια,Χρυσός, Βασίλης.</subfield>
  </datafield>
  <datafield tag="260" ind1=" " ind2=" ">
   <subfield code="a">Αθήνα :</subfield>
   <subfield code="b">Σύνδεσμος Ελληνικών Ακαδημαϊκών Βιβλιοθηκών,</subfield>
   <subfield code="c">c2015.</subfield>
  </datafield>
  <datafield tag="490" ind1=" " ind2=" ">
   <subfield code="a">Ακαδημαϊκά Ηλεκτρονικά Συγγράμματα και Βοηθήματα Κάλλιπος</subfield>
   <subfield code="8">40</subfield>
  </datafield>
  <datafield tag="505" ind1="0" ind2=" ">
   <subfield code="a">ΠΕΡΙΕΧΟΜΕΝΑ 1. ΕισαγωγήΜΕΡΟΣ Ι ΟΙΚΟΝΟΜΙΚΟΙ ΘΕΣΜΟΙ2. Οι Βίκινγκς στην Ελλάδα: Προσοδοθήρες εναντίον ευρύτερου συμφέροντος.3. Τα κίνητρα και η διαφθορά στην Ελληνική οικονομία.4. Χρόνος απονομής, οικονομική αποδοτικότητα και άλλες ανεπάρκειες στην ελληνική δικαιοσύνη.5. Οικονομική Αυτονομία, αξιολόγηση, επιδόσεις: Μια συνοπτική συγκριτική αξιολόγηση ευρωπαϊκών πανεπιστημίων με την ελληνική περίπτωση και η σύγκριση με την αγορά εργασίας.ΜΕΡΟΣ ΙΙ ΑΓΟΡΕΣ6. Μηχανές της δανειακής ανάπτυξης 1995-2009. Η πιστωτική οικονομία στο προσκήνιο και ο ρόλος του δημοσίου χρέους.7. Η Ελληνική οικονομική κρίση και το πρόγραμμα στήριξης υπό προϋποθέσεις.8. Γιατί η «εσωτερική υποτίμηση» αποτυγχάνει να προκαλέσει εξωστρεφή μεγέθυνση.9. Συμπεράσματα</subfield>
  </datafield>
  <datafield tag="520" ind1=" " ind2=" ">
   <subfield code="a">Μάκρο και μίκρο οικονομικές, διαρθρωτικές, θεσμικές &amp; Πολιτικές διαστάσεις της ελληνικής οικονομίας, σε χρονικό πλαίσιο τριών (3) περιόδων: Α. 1995-2008 (περίοδος υψηλής σχετικά οικονομικής μεγέθυνσης, αλλά με εντεινόμενα προβλήματα ανταγωνιστικότητας και οικονομικών ανισορροπιών), Β. 2009-2013 (περίοδος της μεγάλης ύφεσης), Γ. 2014+ (διαρθρωτικές πολιτικές για την ταχύρυθμη μεγέθυνση της ελληνικής οικονομίας). Η ανάλυση δεν θα είναι περιγραφική αλλά ανάλυση βάσει των εργαλείων της οικονομικής θεωρίας και επίσης θα συμπεριλαμβάνει και την ανάλυση της 'πολιτικής αγοράς', δηλαδή οικονομική ανάλυση των εκτός αγορών μηχανισμών απόφασης. Η προσέγγιση, λοιπόν, θα είναι συνολικά &quot;θετικής πολιτικής οικονομίας&quot;. Το ανωτέρω πλαίσιο, θα περιλάβει και τον ευρωπαϊκό παράγοντα-πλαίσιο λειτουργίας της οικονομίας, δηλαδή την ευρωζώνη, όπως και όλες τις άλλες 'υποχρεώσεις' της ελληνικής οικονομίας που απορρέουν από τη συμμετοχή της στο κοινό νόμισμα. Θα συμπεριλαμβάνει επίσης την επιρροή, τις επιδράσεις και το περιεχόμενο των οικονομικών πολιτικών που απορρέουν από την σύμφωνα της χώρας με τους πιστωτές την παρούσα περίοδο. Όσο αφορά την επιμέρους θεματολογία, οπωσδήποτε θα αναλυθούν και θα παρουσιαστούν ζητήματα κρίσιμα -πάντα μέσα στο πλαίσιο της οικονομικής θεωρίας- όπως η απασχόληση και το ΑΕΠ, τα δίδυμα ελλείμματα και οι αιτίες τους (δημοσιονομικό και τρεχουσών συναλλαγών), πληθωρισμός και γενικότερα όλοι οι μακροοικονομικές δείκτες. Σε μικροοικονομικό πλαίσιο, οπωσδήποτε οι αγορές εργασίας και προϊόντος/επαγγελματών και όλες οι λεγόμενες διαρθρωτικές δομές και αλλαγές θα έχουν τον κεντρικό ρόλο. Η συμβολή της ανάλυσης της πολιτικής αγοράς έχει επίσης μεγάλη σημασία ώστε να γίνει κατανοητό το πως ζητήματα θεσμικά και ζητήματα κινήτρων παίζουν βασικά ρόλο στη λειτουργία των αγορών και της οικονομίας (Το Σύνταγμα, η αποδοτικότητα της δικαιοσύνης, η εκπαίδευση, η οικονομική ανάλυση της διαφθοράς, κ.α). Τα ζητήματα αυτά θα παρουσιαστούν στο πρώτο μέρος, ως 'οικονομικοί θεσμοί'.</subfield>
  </datafield>
  <datafield tag="650" ind1=" " ind2="0">
   <subfield code="a">Greece</subfield>
   <subfield code="x">Economic conditions</subfield>
   <subfield code="8">2404</subfield>
  </datafield>
  <datafield tag="650" ind1=" " ind2="0">
   <subfield code="a">Greece</subfield>
   <subfield code="x">Economic policy</subfield>
   <subfield code="8">2403</subfield>
  </datafield>
  <datafield tag="653" ind1=" " ind2=" ">
   <subfield code="a">Δημοσιονομική ισορροπία</subfield>
  </datafield>
  <datafield tag="653" ind1=" " ind2=" ">
   <subfield code="a">Διαρθρωτικές μεταρυθμίσεις</subfield>
  </datafield>
  <datafield tag="653" ind1=" " ind2=" ">
   <subfield code="a">Οικονομική ανάπτυξη</subfield>
  </datafield>
  <datafield tag="653" ind1=" " ind2=" ">
   <subfield code="a">Οικονομική κρίση</subfield>
  </datafield>
  <datafield tag="653" ind1=" " ind2=" ">
   <subfield code="a">Ελληνική οικονομία</subfield>
  </datafield>
  <datafield tag="653" ind1=" " ind2=" ">
   <subfield code="a">Οικονομικές επιστήμες</subfield>
   <subfield code="a">Δημοσιονομικά</subfield>
  </datafield>
  <datafield tag="653" ind1=" " ind2=" ">
   <subfield code="a">Οικονομικές επιστήμες</subfield>
   <subfield code="a">Μακροοικονομική και νομισματική οικονομική</subfield>
  </datafield>
  <datafield tag="700" ind1="1" ind2=" ">
   <subfield code="a">Χιόνης, Διονύσιος Π.,</subfield>
   <subfield code="e">Κριτικός αναγνώστης</subfield>
   <subfield code="8">1292</subfield>
  </datafield>
  <datafield tag="856" ind1="4" ind2="0">
   <subfield code="u">http://hdl.handle.net/11419/1187</subfield>
   <subfield code="z">Πλήρες Κείμενο - Full text</subfield>
  </datafield>
  <datafield tag="907" ind1=" " ind2=" ">
   <subfield code="a">.b25680821</subfield>
   <subfield code="b">12-06-18</subfield>
   <subfield code="c">29-07-16</subfield>
  </datafield>
  <datafield tag="949" ind1=" " ind2=" ">
   <subfield code="0">0</subfield>
   <subfield code="1">0</subfield>
   <subfield code="2">ddc</subfield>
   <subfield code="4">0</subfield>
   <subfield code="6">330_940000000000000_ΠΕΛ</subfield>
   <subfield code="7">0</subfield>
   <subfield code="8">KALL</subfield>
   <subfield code="8">841</subfield>
   <subfield code="d">2016-04-13</subfield>
   <subfield code="r">2016-04-13</subfield>
   <subfield code="w">2016-04-13</subfield>
   <subfield code="z">330.94 ΠΕΛ</subfield>
   <subfield code="o">SEAB KALLIPOS</subfield>
  </datafield>
  <datafield tag="998" ind1=" " ind2=" ">
   <subfield code="a">80</subfield>
   <subfield code="a">01</subfield>
   <subfield code="a">02</subfield>
   <subfield code="a">03</subfield>
   <subfield code="a">04</subfield>
   <subfield code="a">05</subfield>
   <subfield code="a">06</subfield>
   <subfield code="a">07</subfield>
   <subfield code="a">08</subfield>
   <subfield code="a">09</subfield>
   <subfield code="a">10</subfield>
   <subfield code="a">11</subfield>
   <subfield code="a">12</subfield>
   <subfield code="a">13</subfield>
   <subfield code="a">14</subfield>
   <subfield code="a">15</subfield>
   <subfield code="a">16</subfield>
   <subfield code="a">17</subfield>
   <subfield code="a">18</subfield>
   <subfield code="a">19</subfield>
   <subfield code="a">20</subfield>
   <subfield code="a">21</subfield>
   <subfield code="a">22</subfield>
   <subfield code="a">23</subfield>
   <subfield code="a">24</subfield>
   <subfield code="a">25</subfield>
   <subfield code="a">26</subfield>
   <subfield code="b">22-05-17</subfield>
   <subfield code="c">m</subfield>
   <subfield code="d">z  </subfield>
   <subfield code="e">-</subfield>
   <subfield code="f">gre</subfield>
   <subfield code="g">gr </subfield>
   <subfield code="h">0</subfield>
  </datafield>
  <datafield tag="942" ind1=" " ind2=" ">
   <subfield code="2">ddc</subfield>
   <subfield code="c">KALLIPOS</subfield>
  </datafield>
 </record>
</collection>
